000 00314nam a2200133Ia 4500
005 20251222155209.0
008 251222s9999||||xx |||||||||||||| ||spa||
082 _aEPI.32
100 _aUSAID PERU .
245 0 _aTuberculosis un desafĂ­o que nos convoca
250 _a1ra. ed.
264 _bIsden
942 _cLIB
999 _c40219
_d40219